Organización del comercio y de la empresa /

Guardado en:
Autor Principal: Cholvis, Francisco
Formato: Libro
Publicado: Buenos Aires : Codex, 1962
Edición:4a. ed.
Materias:
Etiquetas: Agregar Etiqueta
Sin Etiquetas, Sea el primero en etiquetar este registro!
LEADER 00727nam a22002295a 4500
001 CEM.cems001640
005 20060214000000.0
008 130507s1962##################000#0#####d
003 CEMS
082 0 4 |a 657 
100 1 |a Cholvis, Francisco 
245 1 0 |a Organización del comercio y de la empresa /  |c Francisco Cholvis 
250 |a 4a. ed. 
260 |a Buenos Aires :  |b Codex,  |c 1962 
300 |a 224 p. 
505 0 |a Fraudes del personal.-Balances falsos.-An lisis e interpretaci¢n de balances.-Control presupuestario. 
653 |a Bolsa de valores 
653 |a Comercio 
653 |a Comercio exterior 
653 |a Empresa 
653 |a Etica comercial 
859 |a CEMS  |b BIB. CEMS - 11 de abril  |h 657  |i Ch453-1a4/VI  |p 5091.76  |t Ej.1